Sistematización Taller de Investigación en la MLATS /
Guardado en:
| Autores Corporativos: | , |
|---|---|
| Formato: | Texto |
| Publicado: |
Tegucigalpa:
UNAH
|
| Etiquetas: |
Agregar Etiqueta
Sin Etiquetas, Sea el primero en etiquetar este registro!
|
MARC
| LEADER | 00000 a a2200000 04500 | ||
|---|---|---|---|
| 001 | 28570 | ||
| 003 | |||
| 040 | |a CRAI/IIS |c CRAI/IIS | ||
| 090 | |a 189104 | ||
| 110 | |a Universidad Nacional Autónoma de Honduras. Postgrado Latinoamericano en Trabajo Social | ||
| 245 | |a Sistematización Taller de Investigación en la MLATS / |c Universidad Nacional Autónoma de Honduras. Postgrado Latinoamericano en Trabajo Social | ||
| 260 | |a Tegucigalpa: |b UNAH | ||
| 300 | |a 36 p | ||
| 500 | |a Parte de este documento fue presentado en el 1er Encuentro Mesoamericano de Estudios de Género: "Los aportes académicos de las mujeres a los estudios de género" | ||
| 710 | |a UNAH. PLATS | ||
| 999 | |c 16303 |d 16303 | ||
